000 00516nam a2200181Ia 4500
008 191130s1984##################000#0#eng##
020 _a040685159x
040 _aACL
_cACL
082 _a348.4204 BRI
245 _aThe all England law reports reprint 1874-1880
_cedited by G.F.L. Bridgman
260 _aLondon
_bButterworth & Co
_c1984
300 _a928 p.; 23 cm.
650 _aLaw- Reports
700 _aBridgman, G. F. L
990 _a036d4b0bac10000c5e7c68c6d2446f15
991 _a389501
999 _c300848
_d300848